Statistics for Most Common City Names in the US

Click here to take the quiz!

General Stats

  • This quiz has been taken 119 times
  • The average score is 3 of 10

Answer Stats

Amount of CitiesCity Name% Correct
88Washington
82%
41Springfield
79%
24Madison
51%
35Franklin
36%
26Salem
24%
30Greenville
21%
23Georgetown
14%
29Clinton
11%
29Bristol
6%
27Fairview
5%

Score Distribution

Percentile by Number Answered

Percent of People with Each Score

Your Score History

You have not taken this quiz